Catálogo arqueológico y artístico de la provincia de Sevilla / (Record no. 79141)
[ view plain ]
| 000 -LEADER | |
|---|---|
| campo de control de longitud fija | 01076nam a2200253 i 4500 |
| 001 - NÚMERO DE CONTROL | |
| campo de control | 79141 |
| 003 - IDENTIFICADOR DE NÚMERO DE CONTROL | |
| campo de control | ES-MaACL |
| 005 - FECHA Y HORA DE LA ÚLTIMA TRANSACCIÓN | |
| campo de control | 20251004063125.0 |
| 007 - CAMPO FIJO DE DESCRIPCIÓN FÍSICA--INFORMACIÓN GENERAL | |
| campo de control de longitud fija | t| |
| 008 - DATOS DE LONGITUD FIJA--INFORMACIÓN GENERAL | |
| campo de control de longitud fija | 041020m19391951sp af c |||| | spa d |
| 100 1# - ENTRADA PRINCIPAL--NOMBRE DE PERSONA | |
| Nombre de persona | Hernández Díaz, José, |
| Fechas asociadas al nombre | 1906-1998 |
| 9 (RLIN) | 62929 |
| 245 10 - MENCIÓN DEL TÍTULO | |
| Título | Catálogo arqueológico y artístico de la provincia de Sevilla / |
| Mención de responsabilidad, etc. | por José Hernández Díaz, Antonio Sancho Corbacho y Francisco Collantes de Terán. |
| 250 ## - MENCION DE EDICION | |
| Mención de edición | 1ª ed. |
| 260 ## - PUBLICACIÓN, DISTRIBUCIÓN, ETC. | |
| Lugar de publicación, distribución, etc. | Sevilla : |
| Nombre del editor, distribuidor, etc. | [s.n.], |
| Fecha de publicación, distribución, etc. | 1939-1951 ( |
| Fabricante | Imp. de la Gavidia) |
| 300 ## - DESCRIPCIÓN FÍSICA | |
| Extensión | 3 v., 348 lám. : |
| Otras características físicas | il. ; |
| Dimensiones | 32 cm. |
| 500 ## - NOTA GENERAL | |
| Nota general | Precede al tít.: Servicio de Defensa del Patrimonio Artístico Nacional. Cuarta Zona. Sevilla. |
| 650 #4 - PUNTO DE ACCESO ADICIONAL DE MATERIA--TÉRMINO DE MATERIA | |
| Término de materia o nombre geográfico como elemento de entrada | Arte- |
| Subdivisión geográfica | Sevilla (Provincia) |
| 9 (RLIN) | 168612 |
| 651 #4 - PUNTO DE ACCESO ADICIONAL DE MATERIA--NOMBRE GEOGRÁFICO | |
| Nombre geográfico | Sevilla (Provincia)- |
| Subdivisión general | Restos arqueológicos. |
| 9 (RLIN) | 168613 |
| 700 1# - ENTRADA AGREGADA--NOMBRE PERSONAL | |
| Nombre de persona | Sancho Corbacho, Antonio. |
| 9 (RLIN) | 103036 |
| 700 1# - ENTRADA AGREGADA--NOMBRE PERSONAL | |
| Nombre de persona | Collantes de Terán Delorme, Francisco. |
| 9 (RLIN) | 39670 |
| 710 1# - ENTRADA AGREGADA--NOMBRE DE ENTIDAD CORPORATIVA | |
| Nombre de entidad corporativa o nombre de jurisdicción como elemento de entrada | España. |
| Unidad subordinada | Servicio de Defensa del Patrimonio Artístico Nacional. |
| 9 (RLIN) | 3974 |
| 852 ## - LOCALIZACIÓN | |
| Ubicación | ES-MaACL |
| Número de control de estantería | C-31443-45 |
| Estatus retirado | Estado de pérdida | Estado de daño | No para préstamo | Biblioteca de origen | Biblioteca actual | Ubicación en estantería | Fecha de adquisición | Fuente de adquisición | Total de préstamos | Signatura topográfica completa | Código de barras | Visto por última vez | Precio de reemplazo | Tipo de ítem Koha |
|---|---|---|---|---|---|---|---|---|---|---|---|---|---|---|
| Biblioteca del Ateneo de Madrid | Biblioteca del Ateneo de Madrid | Depósito 2 | 17/01/2008 | C-31443-45 | 1082764 | 23/02/2023 | 23/02/2023 | Libro impreso |
